• 首页
  • 本馆介绍
  • 公告通知
  • 最新文献
  • 馆藏检索
  • 电子资源
  • 读者导购
  • 参考咨询
  • 我的图书馆
  • 登录
  • 详细信息显示
  • 放入我的书架
  • 预约/预借图书
  • 作者相关作品
  • 分类相关作品
  • 丛书相关作品
  • 出版社相关作品

书目信息

  • 表格格式
  • 工作单格式
  • 卡片格式
题名:
自动机理论、语言和计算导引
    
 
作者: 霍普克罗夫特 , Hopcroft , 厄尔曼 , Ullman 著 ;徐美瑞 译
分册:  
出版信息: 北京   科学出版社  1986
页数: 528页
开本: 20cm
丛书名:
单 册:
中图分类: TP301.1
科图分类:
主题词: 自动机理论
电子资源:
ISBN: 15031.737
000 01036nam0 2200301 450
001 0186023193
005 20100712221853.0
010    @a15031.737@dCNY4.75
091    @a15031.737
100    @a19980107d1986 em y0chiy0110 ea
101 1  @achi@ceng
102    @aCN@b110000
105    @ay z 000yy
106    @ar
200 1  @a自动机理论、语言和计算导引@9Zi Dong Ji Li Lun 、 Yu Yan He;Huo;Hu Ji Suan Dao Yin @f(美)霍普克罗夫特(Hopcroft,J.E.),(美)厄尔曼(Ullman,J.D.)著@g徐美瑞译
210    @a北京@c科学出版社@d1986
215    @a528页@d20cm
300    @a书名原文:Introduction to automata theory,languages,and comprtation
510 1  @aIntroduction to automata theory,languages,and comprtation@zeng
606 0  @a自动机理论
690    @aTP301.1@v3
701  1 @a霍普克罗夫特@9huo pu ke luo fu te@bJ.E.@4著
701  1 @aHopcroft@bJ.E.@4著
701  1 @a厄尔曼@9e er man@bJ.D.@4著
701  1 @aUllman@bJ.D.@4著
702  0 @a徐美瑞@9xu mei rui@4译
801  0 @aCN@b91MARC@c20130904
905    @aBZT@dTP301.1@e1@f2@sTP301.1/1
    
    自动机理论、语言和计算导引/(美)霍普克罗夫特(Hopcroft,J.E.),(美)厄尔曼(Ullman,J.D.)著/徐美瑞译.-北京:科学出版社,1986
    528页;20cm
    书名原文:Introduction to automata theory,languages,and comprtation
    
    ISBN 15031.737:CNY4.75
    
●
相关链接 在五车中查询图书 在当当中查询图书 在豆瓣中查询图书


正题名:自动机理论、语言和计算导引     索取号:TP301.1/1         预约/预借

序号 登录号 条形码 馆藏地/架位号 状态 备注
1 2000040621   2000040621   旧书回溯/ [索取号:TP301.1/1] 在馆    
2 2000040622   2000040622   旧书回溯/ [索取号:TP301.1/1] 在馆    
山东省滨州职业学院图书馆 欢迎您!
大连网信软件有限公司© 版权所有